Geography Quiz

Random Geography or World Quiz

Smallest Countries Quiz Stats

 Plays Quiz Updated Mar 8, 2018

Score 0/30 Timer 08:00
12 Plays Today
Rank Country % Correct
1.Vatican City
94.9%
2.Monaco
81.1%
28.Luxembourg
79.4%
17.Andorra
77%
5.San Marino
75.5%
6.Liechtenstein
71.6%
29.Samoa
64.7%
27.Comoros
58.6%
30.Cabo Verde
57.8%
8.Saint Kitts and Nevis
57.5%
10.Malta
57.3%
26.Mauritius
57%
4.Tuvalu
54.6%
3.Nauru
54.3%
13.Barbados
54.1%
Rank Country % Correct
18.Saint Lucia
53.7%
12.Saint Vincent and the Grenadines
53.1%
15.Seychelles
52.9%
16.Palau
52.4%
19.Singapore
51.4%
21.Tonga
51.3%
9.Maldives
51.3%
7.Marshall Islands
51%
11.Grenada
50.5%
20.Federated States of Micronesia
50.4%
24.Kiribati
48.5%
14.Antigua and Barbuda
48.4%
22.Dominica
48.2%
25.São Tomé and Príncipe
45.9%
23.Bahrain
41.8%

You're not logged in!

Compare scores with friends on all Sporcle quizzes.
OR
Log In

Sporcle TV

Today on Sporcle TV


Watch our educational content, quiz creation guides, and fun videos on Sporcle TV.

Show Comments

Extras

Top Quizzes Today


Score Distribution

Your Account Isn't Verified!

In order to create a playlist on Sporcle, you need to verify the email address you used during registration. Go to your Sporcle Settings to finish the process.

Report this User

Report this user for behavior that violates our Community Guidelines.

Details: